| 000 | 00353nam a2200121Ia 4500 | ||
|---|---|---|---|
| 008 | 160523s9999 xx 000 0 und d | ||
| 100 | _aHomer, Alex. | ||
| 245 | _aCloud Design Patterns | ||
| 245 | _c Alex Homer, et al. | ||
| 260 | _c2014 | ||
| 650 | _xInformation Technology. | ||
| 856 | _uhttps://www.microsoft.com/en-sg/download/details.aspx?id=42026 | ||
| 999 |
_c294702 _d294702 |
||